Operations management / (Record no. 1222)
[ view plain ]
| 000 -LEADER | |
|---|---|
| fixed length control field | 01104cam a22001814a 4500 |
| 020 ## - INTERNATIONAL STANDARD BOOK NUMBER | |
| ISBN | 0072443901 |
| 050 00 - CALL NUMBER | |
| Classification number | TS155 |
| Item number | .S7824 2002 |
| 100 1# - AUTHOR | |
| Personal name | Stevenson, William J. |
| 245 10 - TITLE | |
| Title | Operations management / |
| Statement of responsibility, etc | William J. Stevenson. |
| 250 ## - EDITION | |
| Edition statement | 7th ed. |
| 260 ## - PUBLICATION INFORMATION | |
| Place of publication | Boston : |
| Name of publisher | McGraw-Hill Irwin, |
| Year of publication | c2002. |
| 300 ## - DESCRIPTION | |
| Number of Pages | xvi, 910 p. : |
| Other physical details | col. ill. ; |
| Dimensions | 29 cm. + |
| Accompanying material | 1 computer optical disc (4 3/4 in.) |
| 440 #4 - SERIES | |
| SERIES | The McGraw-Hill/Irwin series Operations and decision sciences |
| 500 ## - NOTES | |
| General note | Includes index. |
| 505 ## - FORMATTED CONTENTS NOTE | |
| Table of Content | 1. Introduction to Operations Management <br/>2. Competitiveness, Strategy, and Productivity <br/>3. Forecasting <br/>4. Product and Service Design <br/>5. Capacity Planning <br/>6. Process Selection and Facilities layouts <br/>7. Design of Work Systems <br/>8. Location Planning and Analysis <br/>9. Introduction to quality <br/>10. Quality Control <br/>11. TQM and quality tools<br/>12. Supply Chain Management <br/>13. Inventory management<br/>14. Aggregate planning<br/>15. MRP and ERP<br/>16. Just-in-time systems<br/>17. Scheduling <br/>18. Project management<br/>19. waiting lines |
| 650 #0 - SUBJECTS | |
| Topical Term | Production management. |
| 942 ## - ADDED ENTRY ELEMENTS (KOHA) | |
| Koha item type | Books |
| Withdrawn status | Lost status | Collection code | Home library | Current library | Shelving location | Date acquired | Full call number | Accession Number | Koha item type |
|---|---|---|---|---|---|---|---|---|---|
| Non-fiction | Methodist University Library Main | Methodist University Library Main | General Stacks | 24/08/2006 | TS155 .S7824 2002 | 12744 | Books | ||
| Reference | Methodist University Library Main | Methodist University Library Main | General Stacks | 24/08/2006 | TS155 .S7824 2002 | 12742 | Books | ||
| Non-fiction | Methodist University Library Main | Methodist University Library Main | General Stacks | 24/08/2006 | TS155 .S7824 2002 | 29480 | Books | ||
| Non-fiction | Methodist University Library Main | Methodist University Library Main | General Stacks | 24/08/2006 | TS155 .S7824 2002 | 12745 | Books | ||
| Non-fiction | Methodist University Library Main | Methodist University Library Main | General Stacks | 24/08/2006 | TS155 .S7824 2002 | 12747 | Books |